<The> social economy international perspectives on economic solidarity
Salvato in:
| Altri autori: | |
|---|---|
| Natura: | Libro |
| Lingua: | inglese |
| Pubblicazione: |
London
Zed Books
2009
|
| Serie: | Economics / Development
|
| Soggetti: | |
| Tags: |
Nessun Tag, puoi essere il primo ad aggiungerne!!
|
MARC
| LEADER | 00000nam a2200000 4500 | ||
|---|---|---|---|
| 001 | 0135197 | ||
| 005 | 20240315121815.1 | ||
| 020 | |a 978-1-84813-282-5 | ||
| 041 | 0 | |a eng | |
| 044 | |a GB | ||
| 245 | 1 | 0 | |a <The> social economy |b international perspectives on economic solidarity |c edited by: Ash Amin |
| 264 | 1 | |a London |b Zed Books |c 2009 | |
| 300 | |a 266 s. | ||
| 490 | 1 | |a Economics / Development | |
| 830 | 0 | |a Economics / Development | |
| 610 | 2 | 0 | |a politika sociálna |
| 610 | 2 | 0 | |a podnik sociálny |
| 610 | 2 | 0 | |a hospodárstvo trhové sociálne |
| 610 | 2 | 0 | |a etika |
| 610 | 2 | 0 | |a solidarita |
| 610 | 2 | 0 | |a porovnanie medzinárodné |
| 610 | 2 | 0 | |a kríza |
| 610 | 2 | 0 | |a kapitalizmus |
| 610 | 2 | 0 | |a prognózy |
| 610 | 2 | 0 | |a Európska únia |
| 700 | 1 | |a Amin, Ash | |